| 000 | 00900nam a22002897a 4500 | ||
|---|---|---|---|
| 001 | BR9402630 | ||
| 003 | BR-BrBNA | ||
| 005 | 20230928094023.0 | ||
| 007 | ta | ||
| 008 | 230509b bl.||||| |||| 00| 0 por d | ||
| 040 |
_aBR-BrBNA _bpor _cBiblioteca Nacional de Agricultura |
||
| 041 | _a(Por) | ||
| 072 | _aC20; E50 | ||
| 090 | _ C20 BR9402630 | ||
| 100 | 1 | _aQueiroz, M. da G. | |
| 110 | 1 |
_aUniversidade Federal de Santa Maria, RS (Brasil) _0Tese (Mestre em Extensao Rural) _99701 |
|
| 245 | 1 | _aMulher sempre, as vezes gente - ocultamento e revelacao na linguagem da mulher rural | |
| 260 | 3 |
_aSanta Maria, RS (Brasil): _c1987. |
|
| 300 | _a126 p. | ||
| 500 | _aBibliography p. 107-114 (79 ref.); Summaries (Eng, Por) | ||
| 650 | _aPopulacao Rural | ||
| 650 | _aMulher Rural | ||
| 650 | _aTrabalho | ||
| 650 | _aExtensao Rural | ||
| 909 |
_a202309 _bLucia _c55 _dLucia Elande |
||
| 942 | _cBK | ||
| 999 |
_c48461 _d48461 |
||